00468nam a22001457a 450000500170000000800410001702000180005804100130007608200150008910000420010424500750014626000450022130000310026665000250029720231120081123.0231120b |||||||| |||| 00| 0 eng d a9780409078619 aEnglish  a343.4 INC  aLexisNexis editorial staff lEnglish  aIncome Tax Legislation :bincluding the Tax Adminstration Act, c2013  aDurban : bLexisNexis (Pty) Ltd, c2013  bvii, 465 pages ; c25 cm.  aLegal practice bLaw